Why work : leading the new generation /

Bibliographic Details
Main Author: Maccoby, Michael, 1933-
Format: Book
Language:English
Published: New York : Simon and Schuster, [1988]
Subjects:

MARC

Tag First Indicator Second Indicator Subfields
LEADER 00000cam a22000008a 4500
001 in00000013289
005 20151007052354.0
008 871117s1988 nyu b 00110 eng
010 |a  87031432  
020 |a 067147281X 
035 |a (OCoLC)17210035 
035 |9 AAA7503AM 
040 |a DLC  |c DLC  |d UtOrBLW 
049 |a TXAM  |c [A11054263] 
050 0 0 |a HD57.7  |b .M33 1988 
082 0 |a 658.4/092  |2 19 
100 1 |a Maccoby, Michael,  |d 1933- 
245 1 0 |a Why work :  |b leading the new generation /  |c Michael Maccoby. 
263 |a 8812 
264 1 |a New York :  |b Simon and Schuster,  |c [1988] 
264 4 |c ©1988 
300 |a 270 pages 
336 |a text  |b txt  |2 rdacontent 
337 |a unmediated  |b n  |2 rdamedia 
338 |a volume  |b nc  |2 rdacarrier 
504 |a Bibliography: pages 255-259. 
500 |a Includes index. 
650 0 |a Leadership. 
650 0 |a Employee motivation. 
650 0 |a Organizational effectiveness. 
999 |a MARS 
999 f f |s e0af97bd-c536-3ee7-90bf-606139be3dea  |i e2ec4fd8-62e4-33a3-989a-bd75cb7eb940  |t 0 
952 f f |p ric  |a Texas A&M University  |b Rellis Campus  |c Joint Library Facility  |d Remote Storage  |t 0  |e HD57.7 .M33 1988  |h Library of Congress classification  |i unmediated -- volume  |m A14811054263 
998 f f |a HD57.7 .M33 1988  |t 0  |l Remote Storage